000 00941nam a2200217Ia 4500
999 _c40104
_d40104
001 6710
003 GE_BSU
005 20191217162252.0
008 181216s1980||||ge |||||||||||||| ||geo||
040 _cGE_BSU
041 _ageo
080 _a631.3(479.22)(092) ბ-36
100 _aბაწელაშვილი, ზაზა.
_95844
245 _aსახელი შენი- ძეგლია შენი! /
_cზაზა ბაწელაშვილი ; რედ. ქ. კვინტარიძე.
264 _aთბილისი:
_bსაბჭ.საქართველო,
_c1980.
300 _a51 გვ. :
_bფოტო ;
_c16 სმ.
653 _aსახელი შენი- ძეგლია შენი!
653 _aქართველი მექანიზატორები
700 _aკვინტარიძე, ქ.
_eრედაქტორი
_94738
942 _cBK
_2udc